[Event "Moscow Aeroflot op-B 16th"]
[Site "Moscow"]
[Date "2017.02.27"]
[Round "7"]
[White "Abdumalik, Zhansaya"]
[Black "Evdokimov, Alexander A"]
[Result "1/2-1/2"]
[WhiteElo "2430"]
[BlackElo "2492"]
[PlyCount "92"]
[EventDate "2017.02.21"]
[EventType "swiss"]
[EventRounds "9"]
[EventCountry "RUS"]
[SourceTitle "CBM 177 Extra"]
[Source "ChessBase"]
[SourceDate "2017.04.27"]
[SourceVersion "1"]
[SourceVersionDate "2017.04.27"]
[SourceQuality "1"]

1. e4 c6 2. d4 d5 3. Nd2 dxe4 4. Nxe4 Bf5 5. Ng3 Bg6 6. h4 h6 7. Nf3 e6 8. h5 Bh7 9. Bd3 Bxd3 10. Qxd3 Nf6 11. Bd2 c5 12. 0-0-0 Nc6 13. Qb3 Qb6 14. Be3 Qxb3 15. axb3 cxd4 16. Nxd4 Bc5 17. Nxc6 Bxe3+ 18. fxe3 bxc6 19. Rh4 Ke7 20. Rc4 Rac8 21. Rc5 Rhd8 22. Rxd8 Kxd8 23. Ra5 Ra8 24. Kd2 Kc7 25. Ke2 Kb6 26. Ra4 c5 27. Rf4 Rd8 28. e4 Rd7 29. Rh4 Rc7 30. Nf1 Nd7 31. Nd2 f5 32. Rh1 Kc6 33. g3 fxe4 34. Nxe4 Nf6 35. Rh4 Rf7 36. Nxf6 Rxf6 37. Ra4 Rf7 38. Ke3 Kd5 39. Ra6 Rb7 40. Ra5 Kd6 41. Kd3 Kd5 42. Ra6 Rf7 43. Ke3 Rb7 44. Ra5 Kd6 45. Ra1 Ke5 46. Ra5 Kd6 1/2-1/2

[Event "Mersin op 1st"]
[Site "Mersin"]
[Date "2016.10.28"]
[Round "8"]
[White "Evdokimov, Alexander A"]
[Black "Demchenko, Anton"]
[Result "1/2-1/2"]
[WhiteElo "2495"]
[BlackElo "2629"]
[PlyCount "25"]
[EventDate "2016.10.23"]
[EventType "swiss"]
[EventRounds "9"]
[EventCountry "TUR"]
[SourceTitle "EXT 2018"]
[Source "ChessBase"]
[SourceDate "2017.10.13"]
[SourceVersion "1"]
[SourceVersionDate "2017.10.13"]
[SourceQuality "1"]

1. d4 Nf6 2. c4 e6 3. Nc3 Bb4 4. e3 0-0 5. Nf3 d5 6. Bd3 c5 7. 0-0 cxd4 8. exd4 dxc4 9. Bxc4 b6 10. Bg5 Bb7 11. Re1 Bxc3 12. bxc3 Nbd7 13. Bd3 1/2-1/2

[Event "Mersin op 1st"]
[Site "Mersin"]
[Date "2016.10.27"]
[Round "6"]
[White "Evdokimov, Alexander A"]
[Black "Omidi, Arya"]
[Result "1-0"]
[WhiteElo "2495"]
[BlackElo "2268"]
[PlyCount "113"]
[EventDate "2016.10.23"]
[EventType "swiss"]
[EventRounds "9"]
[EventCountry "TUR"]
[SourceTitle "EXT 2018"]
[Source "ChessBase"]
[SourceDate "2017.10.13"]
[SourceVersion "1"]
[SourceVersionDate "2017.10.13"]
[SourceQuality "1"]

1. d4 Nf6 2. Nf3 e6 3. c4 d5 4. g3 Be7 5. Bg2 0-0 6. 0-0 dxc4 7. Qc2 a6 8. Qxc4 b5 9. Qc2 Bb7 10. Bd2 Be4 11. Qc1 Qc8 12. Bg5 Nbd7 13. Nbd2 Bb7 14. Qc2 c5 15. Rac1 cxd4 16. Nxd4 Bxg2 17. Kxg2 Qb7+ 18. Qc6 Qa7 19. N4b3 Ne5 20. Qc7 Qxc7 21. Rxc7 Bd6 22. Rc2 Nd5 23. Ne4 Be7 24. Bxe7 Nxe7 25. Na5 Nd5 26. a3 Rfc8 27. Rfc1 Rxc2 28. Rxc2 Kf8 29. Nd2 Ke8 30. Nf3 Nxf3 31. Kxf3 Kd7 32. e4 Nb6 33. Rd2+ Ke8 34. Rd6 Nd7 35. Ke3 Ke7 36. Rc6 Ne5 37. Rc5 Nd7 38. Rc2 Kd6 39. f4 f6 40. Nb7+ Ke7 41. Rc7 Ke8 42. Kd4 g5 43. Nc5 Nxc5 44. Kxc5 gxf4 45. gxf4 Rd8 46. Rxh7 Rd2 47. b4 Re2 48. Kb6 Rxe4 49. Kxa6 Rxf4 50. Kxb5 e5 51. Kc5 e4 52. b5 Rf5+ 53. Kc6 Rf3 54. b6 Rxa3 55. b7 Rb3 56. b8Q+ Rxb8 57. Rh8+ 1-0

[Event "Mersin op 1st"]
[Site "Mersin"]
[Date "2016.10.26"]
[Round "5"]
[White "Morchiashvili, Bachana"]
[Black "Evdokimov, Alexander A"]
[Result "1-0"]
[WhiteElo "2400"]
[BlackElo "2495"]
[PlyCount "83"]
[EventDate "2016.10.23"]
[EventType "swiss"]
[EventRounds "9"]
[EventCountry "TUR"]
[SourceTitle "EXT 2018"]
[Source "ChessBase"]
[SourceDate "2017.10.13"]
[SourceVersion "1"]
[SourceVersionDate "2017.10.13"]
[SourceQuality "1"]

1. d4 Nf6 2. c4 c5 3. d5 g6 4. Nc3 Bg7 5. e4 0-0 6. Nf3 d6 7. h3 e6 8. Bd3 Na6 9. 0-0 e5 10. a3 Nh5 11. Re1 h6 12. Rb1 Qf6 13. Nb5 Rd8 14. b4 Nf4 15. Bf1 g5 16. Nh2 Qg6 17. g3 Nh5 18. Be3 Bf8 19. Bg2 Bd7 20. Nf3 Rdc8 21. Nd2 Kh8 22. Kh2 Be7 23. Rg1 Ng7 24. f4 exf4 25. gxf4 f5 26. e5 gxf4 27. Bxf4 dxe5 28. Bxe5 Bf6 29. Nf3 Re8 30. Bf1 Qf7 31. Nd6 Qe7 32. Kh1 Bxe5 33. Nxe5 Kh7 34. Nxe8 Bxe8 35. Qe1 Bh5 36. Qg3 cxb4 37. axb4 Re8 38. Re1 Qf6 39. Nd7 Qd4 40. Rxe8 Bxe8 41. Nf8+ Kh8 42. Ne6 1-0